|
|
|
|
| LEADER |
00000Cam#a2200000#a#4500 |
| 001 |
022226 |
| 003 |
AR-BeUNQ |
| 005 |
20250827142508.0 |
| 008 |
101123s2005||||xx ab g#b #000|0#spa#d |
| 999 |
|
|
|c 1562
|d 76949
|
| 040 |
|
|
|a AR-BeUNQ
|e aacr
|
| 082 |
0 |
4 |
|a 362.5
|2 21
|
| 100 |
1 |
|
|a Caparelli, Yamila
|
| 245 |
1 |
0 |
|a Urbanización y vivienda popular en partido de Quilmes /
|c Yamila Caparelli, Gabriela Ibáñez, Cecilia Molina.
|
| 260 |
|
|
|c [2005]
|
| 300 |
|
|
|a [102] p. :
|b il., mapa ;
|c 30 cm.
|
| 500 |
|
|
|a Trabajo práctico presentado para la materia Globalización y Economía Urbana, Universidad Nacional de Quilmes, 2005.
|
| 500 |
|
|
|a Docente: Carlos Fidel.
|
| 500 |
|
|
|a Incluye anexos.
|
| 504 |
|
|
|a Incluye bibliografía.
|
| 650 |
|
7 |
|a Pobreza
|2 spines
|
| 650 |
|
7 |
|a Familias
|2 spines
|
| 650 |
|
7 |
|a Urbanización
|2 spines
|
| 650 |
|
7 |
|a Vivienda
|2 spines
|
| 650 |
|
7 |
|a Problemas de vivienda
|2 spines
|
| 650 |
|
7 |
|a Necesidades críticas
|2 spines
|
| 650 |
|
7 |
|a Trabajos prácticos
|2 toit
|
| 651 |
|
7 |
|a Argentina
|2 spines
|
| 653 |
|
|
|a Asentamientos
|
| 700 |
1 |
|
|a Ibáñez, Gabriela
|
| 700 |
1 |
|
|a Molina, Cecilia
|
| 700 |
1 |
|
|a Fidel, Carlos
|
| 929 |
|
|
|a DONACION
|b Carlos Fidel
|d 0,00
|e 20060306
|g 324 Exp. 827-0387/98
|j 45678
|
| 942 |
|
|
|c TP
|n 0
|